Sports Quiz

Random Sports or Europe Quiz

Champions Cup Grounds Quiz Stats

 Plays Quiz Updated Aug 1, 2018

Challenge
Share
Tweet
Embed
Score 0/115 Timer 20:00
0 Plays Today
Number of games Ground % Correct
12Twickenham Stadium, Richmond, London
74.3%
3Stade de France, Paris
58.3%
70Welford Road, Leicester
57.5%
36Murrayfield, Edinburgh
56.9%
39Twickenham Stoop, Richmond, London
53.8%
45Cardiff Arms Park, Cardiff
47.8%
69Kingspan Stadium, Belfast
46.3%
29RDS Arena, Ballsbridge, Dublin
46.2%
43The Recreation Ground, Bath
45.7%
17Aviva Stadium, Dublin
44.9%
10Millennium Stadium, Cardiff
38.4%
20Lansdowne Road, Dublin
37.5%
16Allianz Park, London
36.8%
32Kingsholm, Gloucester
36.7%
36Liberty Stadium, Swansea
36.6%
51Franklin's Gardens, Northampton
35.7%
3Wembley Stadium, London
35.5%
21Vicarage Road, Watford
33.8%
23Adams Park, High Wycombe
33.1%
66Thomond Park, Limerick
32.7%
15Sandy Park, Exeter
31.9%
1Croke Park, Dublin
30.9%
12The Sportsground, Galway
28.9%
31Parc y Scarlets, Llanelli
28.1%
29Rodney Parade, Newport
24.9%
59Stadio Comunale di Monigo, Treviso
23.7%
21Madejski Stadium, Reading
22.1%
4Parc des Princes, Paris
21.7%
14Ricoh Arena, Coventry
21.2%
40Stradey Park, Llanelli
19.7%
9Musgrave Park, Cork
18.9%
10Cardiff City Stadium, Cardiff
18.1%
5Kingston Park, Newcastle
17.2%
19Donnybrook, Dublin
17.2%
15Edgeley Park, Stockport
16.7%
9AJ Bell Stadium
15%
4Walkers Stadium, Leicester
14.7%
21Firhill Stadium, Glasgow
13.9%
15Loftus Road, Shepherds Bush, London
13%
Number of games Ground % Correct
50Parc des Sports Marcel Michelin, Clermont-Ferrand
12.8%
23Stade Félix Mayol, Toulon
11.7%
3stadium:mk, Milton Keynes
11.6%
2Stade Vélodrome, Marseille
11.5%
52Stade Ernest-Wallon, Toulouse
11.2%
13The Gnoll, Neath
10.8%
20St Helens Rugby and Cricket Ground, Swansea
10.8%
6Memorial Stadium, Bristol
10.1%
1Stadio Flaminio, Rome
9.7%
7Headingley Carnegie, Leeds
9.5%
15GGL Stadium, Montpellier
8.9%
14Sardis Road, Pontypridd
8.1%
7Brewery Field, Bridgend
7.7%
25Stadium Municipal, Toulouse
7.7%
1Estadi Olímpic Lluís Companys, Barcelona
7.7%
38Stade Jean-Bouin, Paris
7%
36Stade Aimé Giral, Perpignan
7%
1Stade de Gerland
5.6%
20Scotstoun Stadium, Glasgow
5.5%
40Parc des Sports Aguiléra, Biarritz
4.7%
11Stade Chaban-Delmas, Bordeaux
4.6%
38Stade Pierre-Fabre, Castres
4.2%
2City Ground, Nottingham
4%
21Stade Olympique Yves-du-Manoir, Colombes
3.8%
1Parc Olympique Lyonnais, Lyon
3.7%
8Netherdale, Galashiels
3.3%
14Hughenden Stadium, Glasgow
3.2%
11Stadium Municipal, Brive
3.1%
1Rugby Park, Kilmarnock
3.1%
3Eugene Cross Park, Ebbw Vale
2.9%
9Stadio Sergio Lanfranchi
2.7%
7Estadio Anoeta, Donostia-San Sebastián
2.7%
1Allianz Riviera, Nice
2.7%
3Heywood Road, Sale, Greater Manchester
2.4%
8Myreside, Edinburgh
2.4%
6Meadowbank Stadium, Meadowbank, Edinburgh
2.4%
1Stade Sébastien Charléty, Paris
2.2%
3Easter Road Stadium, Leith, Edinburgh
2.2%
24Stade Pierre Rajon, Bourgoin-Jallieu
2.1%
Number of games Ground % Correct
12Stadio Luigi Zaffanella, Viadana
1.6%
6Stade Armandie, Agen
1.4%
1Stade Geoffroy-Guichard, Saint Étienne
1.4%
2Mansfield Park, Hawick
1.1%
3Stade Charles-Mathon, Oyonnax
1.1%
7McDiarmid Park, Perth
1.1%
1The Greenyards, Melrose
1.1%
9Stade du Hameau, Pau
1.1%
1Stade de Genève, Geneva
1%
4Stade de la Stade Méditerranée, Béziers
1%
3Stade de Sapiac, Montauban
1%
1King Baudouin Stadium
0.9%
4Stade André Moga, Bègles
0.9%
2Stade de la Beaujoire
0.9%
20Centro Sportivo San Michele, Calvisano
0.9%
3Stade Maurice Boyau, Dax
0.8%
1Stade Gilbert Brutus, Perpignan
0.7%
2Stade de la Mosson, Montpellier
0.7%
2Stade Lesdiguières, Grenoble
0.7%
1Poynder Park, Kelso
0.7%
2Stadium Nord, Lille
0.6%
10Stade du Selery, Colomiers
0.6%
1MMArena, Le Mans
0.6%
1Stadio Giglio, Reggio Emilia
0.6%
2Stadio Brianteo, Monza
0.5%
2Stadio Tre Fontane, Rome
0.4%
6Stadio Comunale Giuriati, Milan
0.3%
1Stade Antoine-Beguere, Loudres
0.3%
3Sergio Lanfranchi Stadium, Parma
0.3%
2Stadio Tommaso Fattori, L'Aquila
0.2%
1Stadionul de Rugby Farul, Constanţa
0.2%
6Stadio Plebiscito, Padua
0.2%
1Campo Comunale di Rovato, Rovato
0.2%
1Stadio Communale Frattem, L'Aquilla
0.2%
3Stade Marcel Deflandre
0%
1Paris La Défense Arena, Nanterre
0%
1San Mamés Stadium, Bilbao
0%

You're not logged in!

Compare scores with friends on all Sporcle quizzes.
Join for Free
OR
Log In

You Might Also Like...

Show Comments

Extras

Top Quizzes Today


Score Distribution

Your Account Isn't Verified!

In order to create a playlist on Sporcle, you need to verify the email address you used during registration. Go to your Sporcle Settings to finish the process.

Report this User

Report this user for behavior that violates our Community Guidelines.

Details: